[Event "Open NK"]
[Site "Dieren NED"]
[Date "2011.07.28"]
[Round "9"]
[White "Brown, Andrew"]
[Black "Nijboer, Friso"]
[Result "0-1"]
[WhiteTitle "IM"]
[BlackTitle "GM"]
[WhiteElo "2202"]
[BlackElo "2546"]
[WhiteFideId "3206513"]
[BlackFideId "1000063"]
[EventDate "2011.07.19"]

1. d4 d6 2. c4 e5 3. e3 Nd7 4. Nf3 Ngf6 5. b3 c6 6. Bb2 e4 7. Nfd2 d5 8. Be2 Bd6
9. Nc3 O-O 10. g4 b6 11. Qc2 Bb7 12. O-O-O Qe7 13. Nf1 Qe6 14. h3 Ne8 15. f3
exf3 16. Bxf3 Nc7 17. Kb1 f5 18. Rg1 Qg6 19. Ne2 fxg4 20. Qxg6 hxg6 21. Bxg4 Nf6
22. Bf3 Bc8 23. Ka1 Bxh3 24. Nf4 Bxf4 25. exf4 Ne6 26. Ba3 Rf7 27. Bd6 Ne4 28.
Ng3 Nxd6 29. cxd5 Rxf4 30. Bh1 cxd5 31. Bxd5 Rd8 32. Rde1 Rf6 33. Rh1 Nf7 34.
Bc4 b5 35. Bxb5 Nxd4 36. Ne4 Nc2+ 37. Kb2 Nxe1 38. Nxf6+ gxf6 39. Rxh3 Ne5 40.
Rh1 0-1

[Event "Open NK"]
[Site "Dieren NED"]
[Date "2011.07.28"]
[Round "9"]
[White "Petrov, Marijan"]
[Black "Turova, Irina"]
[Result "1-0"]
[WhiteTitle "GM"]
[BlackTitle "IM"]
[WhiteElo "2534"]
[BlackElo "2413"]
[WhiteFideId "2901773"]
[BlackFideId "4120876"]
[EventDate "2011.07.19"]

1. e4 e5 2. Nf3 Nc6 3. Bc4 Bc5 4. O-O d6 5. d3 Nf6 6. a3 a6 7. b4 Bb6 8. Be3
Bxe3 9. fxe3 O-O 10. Nc3 Be6 11. Nd5 Bxd5 12. exd5 Ne7 13. e4 Ng6 14. Qd2 h6 15.
a4 Nd7 16. a5 f5 17. exf5 Rxf5 18. g3 Nf6 19. Qg2 Qd7 20. Nd2 Rf8 21. Ne4 Ng4
22. Rxf5 Qxf5 23. Re1 h5 24. h3 Nf6 25. Rf1 Qd7 26. Ng5 Ne7 27. Ne6 Re8 28. g4
Nfxd5 29. Ng5 c6 30. Qe4 g6 31. Qf3 Nc8 32. Bxd5+ cxd5 33. Qxd5+ Kh8 34. Rf7 Re7
35. Rf8+ Kg7 36. Qg8+ Kh6 37. Qh8+ 1-0

[Event "Open NK"]
[Site "Dieren NED"]
[Date "2011.07.28"]
[Round "9"]
[White "Neverov, Valeriy"]
[Black "Vogel, Jaap"]
[Result "1-0"]
[WhiteTitle "GM"]
[BlackTitle "FM"]
[WhiteElo "2500"]
[BlackElo "2221"]
[WhiteFideId "14100150"]
[BlackFideId "1000764"]
[EventDate "2011.07.19"]

1. d4 e6 2. Nf3 f5 3. g3 Nf6 4. Bg2 d5 5. O-O Bd6 6. c4 O-O 7. c5 Be7 8. b4 b6
9. Bb2 a5 10. a3 axb4 11. axb4 Rxa1 12. Bxa1 c6 13. Nbd2 Ne4 14. Nxe4 fxe4 15.
Ne5 Bf6 16. Ng4 Ba6 17. Re1 Nd7 18. f3 Bg5 19. h4 h5 20. hxg5 Qxg5 21. Nh2 Qxg3
22. Rf1 e3 23. Bc3 Bb5 24. Kh1 Ra8 25. Be1 Qf4 26. Rg1 bxc5 27. Bh3 Qf6 28. bxc5
Ra2 29. Qb1 Rxe2 30. Bf1 e5 31. Bxe2 Bxe2 32. Rg2 Bxf3 33. Nxf3 Qxf3 34. Qg6 Qf7
35. Qxf7+ Kxf7 36. Bc3 Nf6 37. Kg1 Ne4 38. Ba1 Nd2 39. Bc3 Nf3+ 40. Kf1 exd4 41.
Ke2 Nh4 42. Rh2 Nf5 43. Be1 g6 44. Kd3 Kf6 45. Ba5 Nh6 46. Kxd4 Kf5 47. Rh1 Ng4
48. Rf1+ Ke6 49. Bd8 Kd7 50. Bh4 Nh6 51. Bg5 Nf5+ 52. Kd3 d4 53. Bf6 e2 54. Re1
Ke6 55. Bxd4 Kd5 56. Bf2 g5 57. Rh1 1-0

[Event "Open NK"]
[Site "Dieren NED"]
[Date "2011.07.28"]
[Round "9"]
[White "Oudshoorn, Arres"]
[Black "Odendahl, Reiner"]
[Result "0-1"]
[BlackTitle "FM"]
[WhiteElo "2007"]
[BlackElo "2375"]
[WhiteFideId "1036203"]
[BlackFideId "4613570"]
[EventDate "2011.07.19"]

1. e4 c5 2. Nf3 d6 3. d4 cxd4 4. Nxd4 Nf6 5. Nc3 Nc6 6. Be3 e5 7. Nb3 Be7 8. Be2
O-O 9. Bf3 b6 10. O-O Ba6 11. Re1 Rc8 12. a4 Qc7 13. Nd2 Nb4 14. Bg5 h6 15. Bxf6
Bxf6 16. Nf1 Bxf1 17. Rxf1 Qc5 18. g3 a6 19. h4 Rb8 20. Qe2 Rfc8 21. Rfc1 b5 22.
axb5 axb5 23. Bg2 Bd8 24. Bf1 Bb6 25. Ra3 d5 26. exd5 Nxd5 27. Nxb5 e4 28. Nc3
e3 29. f4 Qxa3 30. bxa3 Nxc3 31. Qd3 e2+ 32. Kg2 exf1=Q+ 33. Rxf1 Bd8 34. g4
Bxh4 35. Rh1 Bf6 36. g5 Rd8 37. Qf5 Rd5 38. Qg4 Bxg5 39. Qg3 Ne2 0-1

[Event "Open NK"]
[Site "Dieren NED"]
[Date "2011.07.28"]
[Round "9"]
[White "Kuipers, Stefan"]
[Black "Lommers, Frank"]
[Result "1-0"]
[WhiteTitle "FM"]
[WhiteElo "2365"]
[BlackElo "2176"]
[WhiteFideId "1018400"]
[BlackFideId "1010107"]
[EventDate "2011.07.19"]

1. e4 e5 2. Nf3 Nc6 3. Bb5 a6 4. Bxc6 dxc6 5. O-O Qf6 6. d4 exd4 7. Bg5 Qd6 8.
Nxd4 Be7 9. Bxe7 Nxe7 10. Nc3 O-O 11. Nde2 Be6 12. Qxd6 cxd6 13. Rfd1 Rad8 14.
Rd2 Nc8 15. Rad1 Rde8 16. f3 f5 17. a4 fxe4 18. Nxe4 Bf5 19. N2g3 Bg6 20. c4 a5
21. Nxd6 Nxd6 22. Rxd6 Bc2 23. R1d2 Bxa4 24. R6d3 b5 25. Ra3 Re1+ 26. Kf2 Rd1
27. Rxd1 Bxd1 28. cxb5 cxb5 29. Rxa5 Ba4 30. Ra7 Rc8 31. Re7 Kf8 32. Re4 Kf7 33.
Rb4 Rc2+ 34. Ne2 Ke6 35. b3 Rb2 36. Re4+ 1-0

[Event "Open NK"]
[Site "Dieren NED"]
[Date "2011.07.28"]
[Round "9"]
[White "Mostertman, Milan"]
[Black "Deepan Chakkravarthy J."]
[Result "0-1"]
[BlackTitle "GM"]
[WhiteElo "2232"]
[BlackElo "2470"]
[WhiteFideId "1025848"]
[BlackFideId "5011132"]
[EventDate "2011.07.19"]

1. e4 c5 2. Nf3 d6 3. d4 cxd4 4. Nxd4 Nf6 5. Nc3 a6 6. Be2 e6 7. O-O Be7 8. Be3
O-O 9. f4 Nc6 10. Qe1 Nxd4 11. Bxd4 b5 12. Bf3 Bb7 13. e5 dxe5 14. Bxe5 Qb6+ 15.
Kh1 Bxf3 16. Rxf3 Ng4 17. Rg3 f5 18. h3 Nxe5 19. Qxe5 Bf6 20. Qe3 Bd4 21. Qe2
Rae8 22. Rd1 e5 23. fxe5 Rxe5 24. Qd2 Be3 25. Qd7 Bh6 26. Rgd3 Qf2 27. Qd4 Qxd4
28. Rxd4 Rfe8 29. Rd8 Rxd8 30. Rxd8+ Kf7 31. Rd7+ Ke8 32. Ra7 b4 33. Na4 Re1+
34. Kh2 Bf4+ 35. g3 Re2+ 36. Kh1 Bxg3 37. Rxg7 f4 38. c4 h5 39. Rg5 h4 40. Rf5
Ke7 41. Nc5 Rxb2 42. Nd3 Rd2 43. Nxb4 Ke6 44. Rf8 Ke5 45. Nc6+ Ke4 46. Re8+ Kf3
47. Ne5+ Kf2 48. Ng4+ Kf1 49. Rf8 Rxa2 50. c5 Ra1 51. Re8 Rc1 52. Re5 a5 53. c6
a4 54. Re4 a3 55. Rc4 Rxc4 56. Ne3+ fxe3 57. c7 Rc2 58. c8=Q Rh2# 0-1

[Event "Open NK"]
[Site "Dieren NED"]
[Date "2011.07.28"]
[Round "9"]
[White "Wilgenhof, Otto"]
[Black "Ikeda, Junta"]
[Result "0-1"]
[BlackTitle "FM"]
[WhiteElo "2210"]
[BlackElo "2349"]
[WhiteFideId "1002589"]
[BlackFideId "3204731"]
[EventDate "2011.07.19"]

1. d4 Nf6 2. Nf3 e6 3. c4 b6 4. g3 Ba6 5. b3 Bb4+ 6. Bd2 Be7 7. Bg2 O-O 8. Nc3
d5 9. Ne5 c6 10. O-O dxc4 11. Bxc6 Nxc6 12. Nxc6 Qd7 13. Nxe7+ Qxe7 14. Bg5 h6
15. Bxf6 Qxf6 16. b4 Rfd8 17. e3 Bb7 18. f4 a6 19. a4 Qe7 20. b5 axb5 21. axb5
Rxa1 22. Qxa1 Ra8 23. Qb2 Ra3 24. Rc1 Rb3 25. Qe2 Qa3 26. Qe1 Qd6 27. Qd2 Rxc3
28. Rxc3 Qd5 29. Qe2 Qh1+ 30. Kf2 Bd5 31. e4 Bxe4 32. Rxc4 Bf5 33. Ke3 Qg1+ 34.
Kd2 Qb1 35. Kc3 Kh7 36. Rc6 Qc1+ 37. Kb3 Qb1+ 38. Qb2 Qd1+ 39. Ka3 Qe1 40. Qc3
Qe2 41. Rxb6 Be4 42. Rb8 Bd5 43. h4 Kg6 44. Kb4 h5 45. Rc8 Kf6 46. Kc5 Qa2 47.
b6 Qa6 48. Rc7 Qa8 49. Ra7 Qc6+ 0-1

[Event "Open NK"]
[Site "Dieren NED"]
[Date "2011.07.28"]
[Round "9"]
[White "L'Ami, Alina"]
[Black "Hoogland, Dirk"]
[Result "1-0"]
[WhiteTitle "WGM"]
[BlackTitle "CM"]
[WhiteElo "2312"]
[BlackElo "2181"]
[WhiteFideId "1210246"]
[BlackFideId "1012533"]
[EventDate "2011.07.19"]

1. d4 Nf6 2. c4 e6 3. Nc3 Bb4 4. Qc2 Nc6 5. Nf3 O-O 6. Bg5 h6 7. Bd2 d6 8. a3
Bxc3 9. Bxc3 Qe7 10. g3 e5 11. d5 Nb8 12. Bg2 c6 13. Nd2 cxd5 14. cxd5 Bd7 15.
O-O Na6 16. e4 Nc5 17. a4 b5 18. f4 Nxa4 19. fxe5 dxe5 20. Ba5 Rfc8 21. Qb3 Qc5+
22. Kh1 Qc2 23. Qb4 Qxb2 24. Rxa4 Rc2 25. Raa1 Rac8 26. Qxb2 Rxb2 27. Rfb1 Rbc2
28. h3 Nh5 29. Kh2 f5 30. exf5 Nf6 31. Re1 Rb2 32. Reb1 Rbc2 33. g4 e4 34. Re1
Rb2 35. Bxe4 b4 36. Bg2 Rxd2 37. Bxb4 Rd4 38. Ba3 Rc2 39. Red1 Rdd2 40. Rxd2
Rxd2 41. Bb4 Rc2 42. Kg1 Rc4 43. Be7 Ra4 44. Rb1 Kf7 45. Bd8 a5 46. Rb7 Ke8 47.
Rb8 Kf7 48. d6 Rb4 49. Ra8 a4 50. Be7 g5 51. Rf8+ Kg7 52. Rxf6 a3 53. Rg6+ Kf7
54. Bd5+ 1-0

[Event "Open NK"]
[Site "Dieren NED"]
[Date "2011.07.28"]
[Round "9"]
[White "Zwirs, Nico"]
[Black "Goudriaan, Etienne"]
[Result "1/2-1/2"]
[BlackTitle "FM"]
[WhiteElo "2125"]
[BlackElo "2283"]
[WhiteFideId "1036432"]
[BlackFideId "1021150"]
[EventDate "2011.07.19"]

1. e4 e6 2. d4 d5 3. Nc3 Nf6 4. e5 Nfd7 5. f4 c5 6. Nf3 Nc6 7. Be3 b6 8. Qd2 Bb7
9. Ne2 cxd4 10. Nexd4 Be7 11. f5 Nxd4 12. Nxd4 O-O 13. fxe6 Nxe5 14. O-O-O Rc8
15. Bd3 Nc4 16. Bxc4 dxc4 17. Nf5 fxe6 18. Qc3 Rxf5 19. Rxd8+ Bxd8 20. Bd4 Bg5+
21. Kb1 Bxg2 22. Rg1 Rcf8 23. a3 Rf1+ 24. Rxf1 Rxf1+ 25. Ka2 Bf6 26. Qg3 Be4 1/2-1/2

[Event "Open NK"]
[Site "Dieren NED"]
[Date "2011.07.28"]
[Round "9"]
[White "Offringa, Joost"]
[Black "Van der Linden, Lucas"]
[Result "1/2-1/2"]
[WhiteElo "2085"]
[BlackElo "2275"]
[WhiteFideId "1025880"]
[BlackFideId "1008722"]
[EventDate "2011.07.19"]

1. e4 c5 2. Nf3 e6 3. b3 Nc6 4. Bb2 a6 5. c4 Qc7 6. Be2 Nf6 7. Nc3 Nd4 8. O-O
Bd6 9. g3 Nxf3+ 10. Bxf3 Be5 11. Qc2 d6 12. Ne2 Bxb2 13. Qxb2 e5 14. b4 Be6 15.
d3 Nd7 16. Nc3 cxb4 17. Qxb4 O-O 18. a4 Nc5 19. Rfd1 Rfd8 20. a5 Rab8 21. Rab1
g6 22. Be2 Qe7 23. Na4 Nxa4 24. Qxa4 Bd7 25. Qb4 Bc6 26. Qd2 Rf8 27. f3 f5 28.
Rf1 Rf7 29. Bd1 Kh8 30. Bc2 Rbf8 31. d4 fxe4 32. fxe4 Kg8 33. d5 Be8 34. Bd3 Qc7
35. Qb4 Bd7 36. Qb6 Bh3 37. Qxc7 Rxc7 38. Rxf8+ Kxf8 39. Rb6 Ke7 40. c5 Rxc5 41.
Rxb7+ Bd7 42. Bxa6 Rxa5 43. Bf1 Kd8 44. Rb8+ Kc7 45. Rh8 h5 46. Rg8 Kb6 47. Rxg6
Kc5 48. h3 Ba4 49. g4 hxg4 50. hxg4 Bd1 51. Rg8 Ra1 52. Kf2 Ra2+ 53. Kg1 1/2-1/2

[Event "Open NK"]
[Site "Dieren NED"]
[Date "2011.07.28"]
[Round "9"]
[White "Bakker, Guido"]
[Black "Beukema, Stefan"]
[Result "0-1"]
[WhiteElo "2088"]
[BlackElo "2209"]
[WhiteFideId "1027875"]
[BlackFideId "1024523"]
[EventDate "2011.07.19"]

1. c4 Nf6 2. g3 g6 3. Bg2 Bg7 4. Nc3 O-O 5. Nf3 d6 6. O-O e5 7. d3 Nc6 8. a3 Nd7
9. Rb1 Nc5 10. b4 Ne6 11. Nd2 Ne7 12. a4 f5 13. Qc2 c6 14. Ba3 a6 15. Rfc1 Bh6
16. e3 f4 17. Re1 Nf5 18. Nf1 f3 19. Bh1 g5 20. h3 g4 21. hxg4 Nfg7 22. Nh2 Ng5
23. Ne4 N7e6 24. Nd2 Nh3+ 25. Kf1 Neg5 26. Ndxf3 Qf6 27. Bg2 Nxf3 28. Bxf3 Bxg4
29. Kg2 Bxf3+ 30. Kxh3 Qe6+ 31. g4 Bxg4+ 32. Kh4 Qg6 33. Nxg4 Rf3 0-1

[Event "Open NK"]
[Site "Dieren NED"]
[Date "2011.07.28"]
[Round "9"]
[White "Timmermans, Mark"]
[Black "Vereggen, Lars"]
[Result "1/2-1/2"]
[WhiteElo "2183"]
[BlackElo "2036"]
[WhiteFideId "1026399"]
[BlackFideId "1029258"]
[EventDate "2011.07.19"]

1. e4 c5 2. Nf3 d6 3. d4 cxd4 4. Nxd4 Nf6 5. Nc3 a6 6. Be3 Ng4 7. Bg5 h6 8. Bh4
g5 9. Bg3 Bg7 10. h3 Ne5 11. Nf5 Bxf5 12. exf5 Nbc6 13. Nd5 e6 14. fxe6 fxe6 15.
Ne3 O-O 16. Be2 Qe7 17. O-O d5 18. c3 1/2-1/2

[Event "Open NK"]
[Site "Dieren NED"]
[Date "2011.07.28"]
[Round "9"]
[White "Vos, Tjark"]
[Black "Kollen, Zyon"]
[Result "1/2-1/2"]
[WhiteElo "1842"]
[BlackElo "2118"]
[WhiteFideId "1020870"]
[BlackFideId "1024256"]
[EventDate "2011.07.19"]

1. e4 e6 2. d4 d5 3. Nc3 Bb4 4. exd5 exd5 5. Bd3 c6 6. Ne2 Nf6 7. O-O O-O 8. Bf4
Bg4 9. h3 Bh5 10. Qd2 Bxe2 11. Qxe2 Re8 12. Qf3 Nbd7 13. g4 Bxc3 14. bxc3 Ne4
15. c4 Qf6 16. Qe3 Nd6 17. Qg3 Ne4 18. Bxe4 Rxe4 19. Be3 Nb6 20. c5 Nc4 21. c3
b6 22. Rab1 Qe7 23. Rfe1 h6 24. cxb6 axb6 25. Re2 b5 26. Qf3 Re8 27. Rbe1 f6 28.
Kf1 g5 29. Bc1 Kg7 30. Qd3 f5 31. f3 Rxe2 32. Rxe2 Qxe2+ 33. Qxe2 Rxe2 34. Kxe2
f4 35. h4 Kf6 36. h5 Ke6 37. Kd3 Kd6 38. Kc2 c5 39. Kd3 Kc6 40. Kc2 cxd4 41.
cxd4 b4 42. Kb3 Kb5 43. Kc2 Ka4 44. Bb2 Na3+ 45. Kd3 Nb1 1/2-1/2

[Event "Open NK"]
[Site "Dieren NED"]
[Date "2011.07.28"]
[Round "9"]
[White "Bus, Tom"]
[Black "Jonker, Fred"]
[Result "1/2-1/2"]
[WhiteElo "2237"]
[BlackElo "2154"]
[WhiteFideId "1014374"]
[BlackFideId "1005260"]
[EventDate "2011.07.19"]

1. c4 e5 2. g3 Nf6 3. Bg2 d5 4. cxd5 Nxd5 5. Nf3 Nc6 6. O-O Be7 7. d4 exd4 8.
Nxd4 Nxd4 9. Qxd4 Nb4 10. Qxg7 Bf6 11. Qh6 c6 12. Nc3 Be6 13. Rd1 Qe7 14. Ne4
Be5 15. Bg5 Qf8 16. Nf6+ Bxf6 17. Qxf6 Nd5 18. Bxd5 cxd5 19. Bh6 Qg8 20. Bg7 Kd7
21. e4 Qd8 22. Bxh8 1/2-1/2

[Event "Open NK"]
[Site "Dieren NED"]
[Date "2011.07.28"]
[Round "9"]
[White "Cox, Jan"]
[Black "Maatman, Nick"]
[Result "1-0"]
[WhiteElo "1962"]
[BlackElo "1994"]
[WhiteFideId "1031384"]
[BlackFideId "1040391"]
[EventDate "2011.07.19"]

1. e4 c6 2. d4 d5 3. Nc3 dxe4 4. Nxe4 Bf5 5. Ng3 Bg6 6. h4 h6 7. Nf3 Nd7 8. h5
Bh7 9. Bd3 Bxd3 10. Qxd3 e6 11. Bf4 Qa5+ 12. Bd2 Bb4 13. c3 Be7 14. c4 Qc7 15.
O-O-O Ngf6 16. Kb1 O-O 17. Nf1 e5 18. Ng3 Rfe8 19. dxe5 Nxe5 20. Nxe5 Qxe5 21.
Bc3 Qc7 22. Nf5 Rad8 23. Qf3 Rxd1+ 24. Rxd1 Rd8 25. Re1 Bf8 26. Nxh6+ Kh7 27.
Nf5 Qd7 28. h6 Qd3+ 29. Qxd3 Rxd3 30. hxg7 Bxg7 31. Re7 Rd1+ 32. Kc2 Rf1 33. Bd4
Bh8 34. Rxb7 Ne4 35. Kd3 Bxd4 36. Nxd4 Nd6 37. Rxa7 Rxf2 38. Rd7 Ne8 39. Nxc6
Rxb2 40. Rxf7+ Kg6 41. Re7 Nf6 42. Re2 Rb6 43. Nd4 Kf7 44. c5 Rb8 45. Kc4 Nd7
46. Nc6 Ra8 47. Re7+ 1-0

[Event "Open NK"]
[Site "Dieren NED"]
[Date "2011.07.28"]
[Round "9"]
[White "Van Mierlo, Guido"]
[Black "Wroblowski, Oliver"]
[Result "1/2-1/2"]
[WhiteElo "2097"]
[BlackElo "2191"]
[WhiteFideId "1032453"]
[BlackFideId "24698679"]
[EventDate "2011.07.19"]

1. e4 b6 2. Nc3 Bb7 3. g3 e6 4. Bg2 g6 5. Nge2 Bg7 6. O-O Ne7 7. d3 d6 8. Bg5 h6
9. Be3 O-O 10. h4 h5 11. Bg5 Qd7 12. Bh3 f5 1/2-1/2

[Event "Open NK"]
[Site "Dieren NED"]
[Date "2011.07.28"]
[Round "9"]
[White "Van Meegen, Ruud"]
[Black "Merza, Morris"]
[Result "1/2-1/2"]
[WhiteElo "1947"]
[BlackElo "2145"]
[WhiteFideId "1034995"]
[BlackFideId "1027140"]
[EventDate "2011.07.19"]

1. e4 e6 2. d4 d5 3. Nc3 Nc6 4. Nf3 Nf6 5. e5 Ne4 6. Bd3 Bb4 7. Bd2 Nxd2 8. Qxd2
f6 9. a3 Be7 10. Ne2 O-O 11. O-O fxe5 12. Nxe5 Nxe5 1/2-1/2